| 000 | 01255cam a2200325 4500 | ||
|---|---|---|---|
| 999 |
_c305 _d305 |
||
| 001 | 33707 | ||
| 003 | OCoLC | ||
| 005 | 20180816094535.0 | ||
| 008 | 691125s1969 nyu 000 0 eng | ||
| 010 | _a 78100047 | ||
| 020 | _a671756494 | ||
| 035 |
_a(OCoLC)33707 _z(OCoLC)4740838 |
||
| 040 |
_aDLC _beng _cDLC _dUV$ _dBTCTA _dOCLCG _dOKR _dIDI _dTXMLR _dOCLCF |
||
| 043 | _an-us--- | ||
| 050 | 0 | 0 |
_aBV3797 _b.G679 |
| 082 | 0 | 0 |
_a252.06 _bG738C |
| 092 | 0 |
_a252.06 _bG7383 |
|
| 100 | 1 |
_aGraham, Billy, _d1918- |
|
| 245 | 1 | 4 |
_aThe challenge : _bsermons from Madison Square Garden / _cBilly Graham. |
| 250 | _a1st ed. | ||
| 260 |
_aGarden City, N.Y. : _bDoubleday, _cc1969. |
||
| 300 |
_ax, 173 p. ; _c22 cm. |
||
| 505 | 0 | 0 |
_tCome and know God -- _tThe other death -- _tMan in rebellion -- _tThe prodigal son -- _tHeaven and hell -- _tTruth and Freedom -- _tLet's be radical -- _tTwo sets of eyes -- _tThe giants you face -- _tThe day to come. |
| 520 | _aA spiritual message to modern man based on ten sermons preached by the famous evangelist during his 1969 New York Crusade. | ||
| 650 | 0 | _aEvangelistic sermons. | |
| 650 | 0 |
_aBaptists _vSermons. |
|
| 650 | 0 |
_aSermons, American _y20th century. |
|
| 655 | 7 |
_aSermons. _2fast _0(OCoLC)fst01423904 |
|
| 942 |
_2ddc _cBK |
||